Vztahy ekonomického a inovačního potenciálu

Na minha lista:
Detalhes bibliográficos
Autor principal: Knopp, Jiří
Formato: Livro
Idioma:tcheco
Publicado em: Praha Ústředí vědeckých, technických a ekonomických informací 1985
Tags: Adicionar Tag
Sem tags, seja o primeiro a adicionar uma tag!

MARC

LEADER 00000nam a2200000 4500
001 c107705
005 20251204124644.3
041 0 |a cze 
044 |a CZ 
245 1 0 |a Vztahy ekonomického a inovačního potenciálu  |c Jiří Knopp 
264 1 |a Praha  |b Ústředí vědeckých, technických a ekonomických informací  |c 1985 
300 |a 70 s. 
100 1 |a Knopp, Jiří